|
|
|
|
| LEADER |
00000nam0a2200000 4500 |
| 001 |
100060 |
| 005 |
20231031112016.0 |
| 035 |
|
|
|a (RuTPU)RU\TPU\book\107639
|
| 090 |
|
|
|a 100060
|
| 100 |
|
|
|a 20060811d1976 m y0rusy50 ca
|
| 101 |
1 |
|
|a rus
|
| 102 |
|
|
|a RU
|
| 105 |
|
|
|a y nz 000zy
|
| 200 |
1 |
|
|a Международная практическая температурная шкала 1968 г. (МПТШ-68)
|e редакция 1975 г.
|e Русский текст официального издания документов Международного комитета мер и весов
|f Государственный комитет стандартов Совета министров СССР
|
| 210 |
|
|
|a Москва
|c Изд-во стандартов
|d 1976
|
| 215 |
|
|
|a 28 с.
|
| 610 |
1 |
|
|a термодинамика
|
| 610 |
1 |
|
|a температура
|
| 610 |
1 |
|
|a температурные измерения
|
| 610 |
1 |
|
|a шкалы
|
| 675 |
|
|
|a 536.5
|v 3
|
| 712 |
0 |
1 |
|a СССР
|b Государственный комитет стандартов (Госстандарт)
|c (1970-1978)
|2 stltpush
|3 (RuTPU)RU\TPU\col\4389
|
| 801 |
|
1 |
|a RU
|b 63413507
|c 20060811
|g PSBO
|
| 801 |
|
2 |
|a RU
|b 63413507
|c 20110124
|g RCR
|
| 942 |
|
|
|c BK
|